header

The general textile strike of 1934 (Record no. 9286)

MARC details
000 -LEADER
fixed length control field 01297nam a22003134a 4500
001 - CONTROL NUMBER
control field ebr10019986
003 - CONTROL NUMBER IDENTIFIER
control field CaPaEBR
006 - FIXED-LENGTH DATA ELEMENTS--ADDITIONAL MATERIAL CHARACTERISTICS--GENERAL INFORMATION
fixed length control field m u
007 - PHYSICAL DESCRIPTION FIXED FIELD--GENERAL INFORMATION
fixed length control field cr cn|||||||||
008 - FIXED-LENGTH DATA ELEMENTS--GENERAL INFORMATION
fixed length control field 020220s2002 moua sb s001 0 eng
010 ## - LIBRARY OF CONGRESS CONTROL NUMBER
Canceled/invalid LC control number 2002024567
020 ## - INTERNATIONAL STANDARD BOOK NUMBER
Cancelled/invalid ISBN 0826213952 (alk. paper)
040 ## - CATALOGING SOURCE
Original cataloging agency CaPaEBR
Transcribing agency CaPaEBR
035 ## - SYSTEM CONTROL NUMBER
System control number (OCoLC)55638422
050 14 - LIBRARY OF CONGRESS CALL NUMBER
Classification number HD5325.T42 1934
Item number .S25 2002eb
082 04 - DEWEY DECIMAL CLASSIFICATION NUMBER
Classification number 331.892/877/097329043
Edition number 21
100 1# - MAIN ENTRY--PERSONAL NAME
Personal name Salmond, John A.
245 14 - TITLE STATEMENT
Title The general textile strike of 1934
Medium [electronic resource] :
Remainder of title from Maine to Alabama /
Statement of responsibility, etc John A. Salmond.
260 ## - PUBLICATION, DISTRIBUTION, ETC. (IMPRINT)
Place of publication, distribution, etc Columbia, Mo. :
Name of publisher, distributor, etc University of Missouri Press,
Date of publication, distribution, etc c2002.
300 ## - PHYSICAL DESCRIPTION
Extent xii, 295 p. :
Other physical details ill.
504 ## - BIBLIOGRAPHY, ETC. NOTE
Bibliography, etc Includes bibliographical references (p. 271-281) and index.
533 ## - REPRODUCTION NOTE
Type of reproduction Electronic reproduction.
Place of reproduction Palo Alto, Calif. :
Agency responsible for reproduction ebrary,
Date of reproduction 2013.
Note about reproduction Available via World Wide Web.
-- Access may be limited to ebrary affiliated libraries.
650 #0 - SUBJECT ADDED ENTRY--TOPICAL TERM
Topical term or geographic name as entry element Textile Workers' Strike, Southern States, 1934.
Topical term or geographic name as entry element Textile workers
Geographic subdivision United States.
Topical term or geographic name as entry element Textile industry
Geographic subdivision United States.
655 #7 - INDEX TERM--GENRE/FORM
Genre/form data or focus term Electronic books.
Source of term local
710 2# - ADDED ENTRY--CORPORATE NAME
Corporate name or jurisdiction name as entry element ebrary, Inc.
856 40 - ELECTRONIC LOCATION AND ACCESS
Uniform Resource Identifier <a href="http://site.ebrary.com/lib/rucke/Doc?id=10019986">http://site.ebrary.com/lib/rucke/Doc?id=10019986</a>
Public note An electronic book accessible through the World Wide Web; click to view

No items available.

© 2026 Rongo University
Contact us: librarian | system librarian | Rongo university